000 01040nam a2200253 i 4500
001 bg
245 0 0 _aUnderstanding and usage of dependency relationships :
_brevised papers : third international workshop consistency problems in UML-based software development, Lisbon, Portugal, October 11, 2004 /
_cedts Bogumiła Hnatkowska, Zbigniew Huzar, Lech Tuzinkiewicz.
260 _aWrocław :
_bOficyna Wydawnicza Politechniki Wrocławski,
_c2004.
300 _a131 s. ;
_c24 cm.
500 _aU góry s. tyt. i okł.: Seventh international conference on UML modelling laguages and applications <<UML>> 2004". Streszcz. przy ref.
504 _aBibliogr. przy ref.
650 9 _aUML
655 _aMateriały konferencyjne
700 1 _aHNATOWSKA, Bogumiła.
_eRed.
700 1 _aHUZAR, Zbigniew.
_eRed.
700 1 _aTUZINKIEWICZ, Lech.
_eRed.
020 _a8370858163
040 _cBPK
041 0 _aeng
080 _a004.438A/Z:004.652](061)
920 _a83-7085-816-3
942 _cKS
008 s pl f |000 0 pol
999 _c46687
_d46687
856 _uhttp://koha.tu.koszalin.pl/cgi-bin/koha/opac-detail.pl?biblionumber=46687
_yKatalog online BPK